| 000 | 01590nam a2200313 i 4500 | ||
|---|---|---|---|
| 001 | 768714001 | ||
| 003 | CO-MdFUSB | ||
| 005 | 20250528131444.0 | ||
| 007 | ta | ||
| 008 | 220216t2000 ck |||| |||| 00| 0 spa d | ||
| 020 | _a[No incluye ISBN] | ||
| 040 |
_aCO-MdFUSB _bspa _cCO-MdFUSB _dCO-MdFUSBC _erda |
||
| 041 | _aspa | ||
| 082 |
_223 _a248.4 _bP356 |
||
| 100 |
_aPeacocke, Dennis, _eautor |
||
| 245 | 1 |
_aComo ganar la batalla en la mente de los hombres : _batrévase a experimentar como la verdad lo hará realmente libre _c/ Dennis Peacocke ; traducido por Francisco Bianchi Castillo |
|
| 264 | 1 |
_aSantafé de Bogotá, Colombia : _bVida, _c[2000] |
|
| 264 | 4 | _c© 2000 | |
| 300 |
_a175 páginas _c; 22 cm |
||
| 336 |
_2rdacontent _atexto _btxt |
||
| 337 |
_2rdamedia _asin mediación _bn |
||
| 338 |
_2rdacarrier _avolumen _bnc |
||
| 505 | _aOcupándonos hasta que él venga. -- Cuidando y discipulando las naciones de Dios. -- Reclamando el poder de la iglesia primitiva. -- La falsa separación de la iglesia y el Estado. -- Alguien está legislando la moralidad. -- La política no tiene que ser un negocio sucio. -- Atacando las mentiras que están robando el futuro de nuestros hijos. -- Tomando por asalto las puertas de nuestras ciudades. -- Hay poder en la sangre. -- Convirtiéndose en pescadores de hombres. -- Preparándose para gobernar en un mundo que se está destruyendo. -- Llamando a héroes cristianos. | ||
| 563 | _aRústico | ||
| 650 | 0 |
_919 _aVida cristiana |
|
| 700 |
_96187 _aBianchi Castillo, Francisco, _etraductor |
||
| 942 | _cBK | ||
| 945 | _aJTF-925 | ||
| 999 |
_c67236 _d67236 |
||